|
|
|
|
| LEADER |
01186nam a2200313 a 4500 |
| 001 |
000380007 |
| 003 |
CZ BrMZK |
| 005 |
20260313081127.0 |
| 007 |
ta |
| 008 |
980115s1998 xr f cze d |
| 015 |
|
|
|a cnb000603316
|
| 020 |
|
|
|a 80-86029-70-0
|
| 035 |
|
|
|a (OCoLC)41372475
|
| 040 |
|
|
|a BOA001
|b cze
|
| 080 |
|
|
|a 820-32=850
|2 MRF
|
| 100 |
1 |
|
|a Pilcher, Rosamunde,
|d 1924-2019
|7 jn20001031018
|4 aut
|
| 245 |
1 |
0 |
|a Modrá ložnice a jiné povídky /
|c Rosamunde Pilcherová ; [z angličtiny přeložila Dana Vlčková]
|
| 250 |
|
|
|a Vyd. 1.
|
| 260 |
|
|
|a Praha :
|b Beta-Dobrovský & Ševčík,
|c 1998
|
| 300 |
|
|
|a 261 s. ;
|c 21 cm
|
| 500 |
|
|
|a Dostupné též v digitální podobě v aplikaci Kramerius
|
| 655 |
|
7 |
|a anglické povídky
|7 fd131811
|2 czenas
|
| 700 |
1 |
|
|a Vlčková, Dana,
|d 1958-
|7 jn20001227697
|4 trl
|
| 765 |
0 |
|
|t <<The >>blue bedroom (and other stories)
|
| 856 |
4 |
1 |
|u https://www.digitalniknihovna.cz/mzk/uuid/uuid:09d31058-21cf-11f1-ad53-7eb38507f91c
|y Digitalizovaný dokument
|x NDK
|
| 910 |
|
|
|a BOA001
|b 2-1053.736
|
| 990 |
|
|
|a BK
|
| 991 |
|
|
|f B-PIL
|
| 996 |
6 |
|
|b 2610083959
|c 2-1053.736
|l MZK
|r Sklad / do 1 hodiny
|n 30
|p p.v.
|w 000380007
|u 000010
|a 1
|e BOA001
|j MZK50
|s P
|